000 00481nam a2200193Ia 4500
001 3666
003 IN-NITTTR
005 20251114232950.0
008 251113s9999||||xx |||||||||||||| ||eng||
040 _beng
040 _cIN-NITTTR
041 _aeng
082 _a624.171 M17S
100 _aMoffatt, William G.
245 0 _aStructure /
_cMoffatt, William G., Pearsall, George W., Wulff, John
700 _a Pearsall, George W.
700 _a Wulff, John
942 _2ddc
_cBK
999 _c5995
_d5995